Normal view
MARC view
- Lawrence J. Kamm
Entry Personal Name
001 - CONTROL NUMBER
- control field: 127419
003 - CONTROL NUMBER IDENTIFIER
- control field: NUST
005 - DATE AND TIME OF LATEST TRANSACTION
- control field: 20250109092725.0
008 - FIXED-LENGTH DATA ELEMENTS
- fixed length control field: 250109|| aca||aabn | a|a d
040 ## - CATALOGING SOURCE
- Original cataloging agency: NUST
- Transcribing agency: NUST
100 ## - HEADING--PERSONAL NAME
- Personal name: Lawrence J. Kamm
670 ## - SOURCE DATA FOUND
- Source citation: Work cat.: (NUST): Lawrence J. Kamm, Understanding Electro-Mechanical engineering , 1996.
